Sense suspense : (Record no. 6418)

MARC details
000 -LEADER
fixed length control field 01190pam a2200301 a 4500
001 - CONTROL NUMBER
control field 6418
003 - CONTROL NUMBER IDENTIFIER
control field FISKH
005 - DATE AND TIME OF LATEST TRANSACTION
control field 20250429112103.0
008 - FIXED-LENGTH DATA ELEMENTS--GENERAL INFORMATION
fixed length control field 930811s1994 nyuab j 000 0 eng
010 ## - LIBRARY OF CONGRESS CONTROL NUMBER
LC control number 93030272
020 ## - INTERNATIONAL STANDARD BOOK NUMBER
International Standard Book Number 0590479040 :
020 ## - INTERNATIONAL STANDARD BOOK NUMBER
International Standard Book Number 9780590479059
040 ## - CATALOGING SOURCE
Original cataloging agency DLC
Transcribing agency DLC
Modifying agency DLC
Language of cataloging eng
050 ## - LIBRARY OF CONGRESS CALL NUMBER
Classification number BF233 .M34
082 ## - DEWEY DECIMAL CLASSIFICATION NUMBER
Classification number 152.1
100 1# - MAIN ENTRY--PERSONAL NAME
Personal name McMillan, Bruce.
245 10 - TITLE STATEMENT
Title Sense suspense :
Remainder of title a guessing game for the five senses /
Statement of responsibility, etc. written and illustrated with photographs and graphics by Bruce McMillan.
260 ## - PUBLICATION, DISTRIBUTION, ETC.
Place of publication, distribution, etc. New York :
Name of publisher, distributor, etc. Scholastic,
Date of publication, distribution, etc. 1994.
300 ## - PHYSICAL DESCRIPTION
Extent 32 pages :
Other physical details color map ; color illustrations ;
Dimensions 23 x 28 cm.
505 ## - FORMATTED CONTENTS NOTE
Formatted contents note NP<br/>
520 ## - SUMMARY, ETC.
Summary, etc. A concept game presented in both English and Spanish in which young readers will discover what's pictured in the mysterious photographs as well as figure out which senses they are most likely to use as two island youngsters take them on a sunny Caribbean sense-adventure.
521 8# - TARGET AUDIENCE NOTE
Target audience note NP<br/>
Source Raz-Plus<br/>
650 #0 - SUBJECT ADDED ENTRY--TOPICAL TERM
Topical term or geographic name entry element Senses and sensation
General subdivision Juvenile literature.
650 #1 - SUBJECT ADDED ENTRY--TOPICAL TERM
Topical term or geographic name entry element Senses and sensation.
906 ## - LOCAL DATA ELEMENT F, LDF (RLIN)
a 7
b cbc
c orignew
d 1
e ocip
f 19
g y-gencatlg
942 ## - ADDED ENTRY ELEMENTS (KOHA)
Source of classification or shelving scheme Dewey Decimal Classification
Koha item type Books
Suppress in OPAC No
Holdings
Withdrawn status Lost status Source of classification or shelving scheme Damaged status Not for loan Collection Home library Current library Shelving location Date acquired Total Checkouts Full call number Barcode Date last seen Copy number Price effective from Koha item type
    Dewey Decimal Classification     Non-Fiction Footprints International School Library Network Toul Kork Campus Footprints International School Library Network Toul Kork Campus TK Primary Library Room(4th Floor), Bookcase 7, Shelves 57-60, Dark Green Books 04/29/2025   MCM 152.1 BF233 .M34 FISTK04402 04/29/2025 1 04/29/2025 Books